| 000 | 00991cam a22003374a 4500 | ||
|---|---|---|---|
| 001 | 12870443 | ||
| 003 | OSt | ||
| 005 | 20170215192313.0 | ||
| 008 | 020725s2002 enka b 001 0 eng c | ||
| 010 | _a 2002284687 | ||
| 015 | _aGBA1-X2824 | ||
| 016 | 7 |
_a101134930 _2DNLM |
|
| 020 | _a0340764236 | ||
| 035 | _a(OCoLC)ocm49011316 | ||
| 040 |
_aNLM _cNLM _dCUY _dDLC |
||
| 042 | _apcc | ||
| 050 | 0 | 0 |
_aRA651 _b.G54 2002 |
| 060 | 0 | 0 | _a2001 O-432 |
| 082 | 0 | 4 | _aWA105 G365m 2002 |
| 100 | 1 |
_aGiesecke, Johan. _9823 |
|
| 245 | 1 | 0 | _aModern Infectious Disease Epidemiology |
| 250 | _a2nd ed. | ||
| 260 |
_bUK; _cArnold, _a2002 |
||
| 300 |
_axi, 268 p. : _bill. ; _c20 cm. |
||
| 504 | _aIncludes bibliographical references and index. | ||
| 650 | 0 |
_aInfectious diseases _9824 |
|
| 650 | 2 | 2 |
_aEpidemiology _9826 |
| 856 | 4 | 1 |
_3Table of contents only _uhttp://www.loc.gov/catdir/enhancements/fy0614/2002284687-t.html |
| 906 |
_a7 _bcbc _cpccadap _d2 _encip _f20 _gy-gencatlg |
||
| 942 |
_2z _cB_BANK |
||
| 999 |
_c313 _d313 |
||